Sajtóetika kisebbségi sorban. Legyünk becsületesek

Elmentve itt :
Bibliográfiai részletek
Szerző: ÁGOSTON Hugó
Adatforrás:Meister
Forrásdokumentuma:A Hét. -
40 sz., 1997, 8 p.
Nyelv:magyar
Kulcsszavak:médiaszociológia
szakmai intézmények
sajtóetika
újságírás
mass-media
magyar sajtó (romániai)
sajtó
Árkos
Magyar Újságírók Romániai Egyesülete (MÚRE)
LEADER 00623nab a2200217 i 4500
001 bibPRO00007240
008 060524s1997 xx hun
040 |a Sz1 
041 |a hun 
100 1 |a ÁGOSTON Hugó 
245 1 0 |a Sajtóetika kisebbségi sorban. Legyünk becsületesek  |c ÁGOSTON Hugó 
695 |a médiaszociológia 
695 |a szakmai intézmények 
695 |a sajtóetika 
695 |a újságírás 
695 |a mass-media 
695 |a magyar sajtó (romániai) 
695 |a sajtó 
695 |a Árkos 
695 |a Magyar Újságírók Romániai Egyesülete (MÚRE) 
773 0 |t A Hét. -  |g 40 sz., 1997, 8 p.